LEADER 02046nam 2200397Ia 450 001 996397504003316 005 20200824132313.0 035 $a(CKB)4940000000061237 035 $a(EEBO)2264220167 035 $a(OCoLC)ocm24394940e 035 $a(OCoLC)24394940 035 $a(EXLCZ)994940000000061237 100 $a19910917d1547 uy | 101 0 $aeng 135 $aurbn||||a|bb| 200 10$aIniunccions geue[n] by the moste excellent prince, Edward the Sixte, by the grace of God, Kyng of England, Frau[n]ce and Irelande, defendor of the faythe, and in earthe vnder Christ, of the Churche of Englande and of Ireland, the supreme hedde$b[electronic resource] $eto all and singuler his louyng subiectes, aswell of the clergie, as of the laietie 210 $aImprinted at London $cThe laste daie of Iulii, in the first yere of the reigne of Our Souereigne Lord Kyng Eduuard the VI, by Rychard Grafton ...$d1547 215 $a[28] p 300 $aImprint from colophon. 300 $a"Cum priuilegio ad imprimendum solum"--Colophon. 300 $aSignatures: a-c4 d2. 300 $aTitle within architectural border (McK. & Ferg. 63). 300 $aIn this ed. b4r has catchword "stament", line 6 from bottom ends "they". 300 $aCopy at reel 11:4 identified on film as STC 10090. 300 $aReproductions of originals in the British Library (reel 11:4), Henry E. Huntington Library and Art Gallery (reel 1850:67), and Folger Shakespeare Library (reel 2114:30a). 330 $aeebo-0055 606 $aEcclesiastical law$zEngland 615 0$aEcclesiastical law 701 $aEdward$cKing of England,$f1537-1553.$01002269 801 0$bEBL 801 1$bEBL 801 2$bWaOLN 906 $aBOOK 912 $a996397504003316 996 $aIniunccions geue by the moste excellent prince, Edward the Sixte, by the grace of God, Kyng of England, Fraunce and Irelande, defendor of the faythe, and in earthe vnder Christ, of the Churche of Englande and of Ireland, the supreme hedde$92313183 997 $aUNISA LEADER 01380oam 2200445zu 450 001 996210250003316 005 20210807004703.0 010 $a1-58537-218-8 035 $a(CKB)3420000000000641 035 $a(SSID)ssj0000818138 035 $a(PQKBManifestationID)12359065 035 $a(PQKBTitleCode)TC0000818138 035 $a(PQKBWorkID)10832083 035 $a(PQKB)11658062 035 $a(NjHacI)993420000000000641 035 $a(EXLCZ)993420000000000641 100 $a20160829d2012 uy 101 0 $aeng 135 $aur||||||||||| 181 $ctxt 182 $cc 183 $acr 200 10$a2012 34th Electrical Overstress/Electrostatic Discharge Symposium 210 31$a[Place of publication not identified]$cIEEE$d2012 215 $a1 online resource (428 pages) $cillustrations 300 $aBibliographic Level Mode of Issuance: Monograph 311 $a1-4673-1467-6 606 $aElectrostatics$vCongresses 606 $aElectronic apparatus and appliances$xProtection 606 $aElectric discharges 615 0$aElectrostatics 615 0$aElectronic apparatus and appliances$xProtection. 615 0$aElectric discharges. 676 $a621.381 702 $aIEEE Staff 801 0$bPQKB 906 $aPROCEEDING 912 $a996210250003316 996 $a2012 34th Electrical Overstress$92533825 997 $aUNISA